000 00318nam a22001457a 4500
020 _a978-0-7136-8216-8
082 _a823
_bDEA/B
100 _aDEARY'S TERRY
245 _aTHE BOY WHO CRIED HORSE
260 _aLONDON
_bA&C BLACK
_c2007
300 _a59
520 _aSHORT STORY
650 _aSHORT STORY
942 _cBK
999 _c5838
_d5838